000 00974nam a2200241 a 4500
005 20171010151641.0
008 140310b2002 ne d||||r|||| 00| 0 eng d
020 _a9051130643
040 _aCO-BoIAVH
_cCO-BoIAVH
041 0 _aeng
044 _ane
082 0 4 _a333.75
_bU55c
245 0 0 _aUnderstanding and capturing the multiple values of tropical forest :
_bproceedings of the international seminar on valuation and innovative financing mechanisms in support of conservation and sustainable management of tropical forest
260 _aWageningen (Holanda) :
_bTropenbos International,
_c2002.
300 _a140 páginas :
_bgráficas ;
_c30 x 21 cm.
650 2 6 _aBosques tropicales
650 2 6 _aMedio ambiente
_vEvaluación
650 2 4 _aServicios ambientales
650 2 6 _aOrdenación forestal
650 2 6 _aRecursos forestales
_xConservación
_xIncentivos
700 1 _aVerweij, Pita
_eeditora
942 _cLIBRO
_2ddc
999 _c3299
_d3299